000 00785nam a2200253 a 4500
001 49831
003 BD-RjUL
005 20211209054733.0
008 160821s1965 nyu b 001 0 eng
035 _a(BD-RjUL)49951
040 _aDLC
_cFJUNF
_dBD-RjUL
_beng
041 _aeng
082 _223
_a361.954
_bGOS 1965
100 1 _aGore, M. S.
_9149357
245 1 0 _aSocial work and social work education /
_cM.S. Gore.
260 _aNew York :
_bAsia Pub. House,
_cc1965
300 _a155 p. ;
_c23 cm.
500 _aPapers writen over a ten year period for conferences and seminars.
504 _aBibliographical footnotes.
650 0 _aPublic welfare
_zIndia.
_9148549
650 0 _aSocial workers
_zIndia.
_9149358
650 0 _aSocial work education.
_9149359
942 _2ddc
_cBK
999 _c49831
_d49831